01004cam a2200277 a 450000100100000000500170001000800410002701000130006802000150008104000230009608200190011910000420013824500850018026000320026530000280029744000370032550400530036260000420041565000290045765000220048670000400050891000340054891000070058295201220058999900150071100000550620200929151707.0970204s1996 sp a b 000 1 spa  a97111874 a8437614554 aDO-SdBNPcDLCdDLC aA863.44bL951f1 aLugones, Leopoldo,d1874-1938.91559614aLas fuerzas extrañas /cLeopoldo Lugones ; edición de Arturo García Ramos. aMadrid :bCátedra,c1996. a283 p. :bil. ;c18 cm. 0aLetras hispánicas ;v41394208 aIncluye referencias bibliográficas (p. 87-91).14aLUGONES, LEOPOLDO,d1874-1938.915597 4aCuentos argentinos93752 4aSimbolismo9155981 aGarcía Ramos, Arturo,eed.915599 aCatalogación por copia / LC aWM 001052708MOaGRbGRcHDd2009-08-19iLF1l0oA863.44 L951fp5506-10r2020-06-25w2020-06-25y2ZPréstamo interno c5305d5305